Vista normal Vista MARC

Entrada Personal Name

Número de registros utilizados en: 2

001 - CONTROL NUMBER

  • control field: 16223

003 - CONTROL NUMBER IDENTIFIER

  • control field: OSt

005 - DATE AND TIME OF LATEST TRANSACTION

  • control field: 20230915230332.0

008 - FIXED-LENGTH DATA ELEMENTS

  • fixed length control field: 230915|| aca||aabn | a|a d

040 ## - CATALOGING SOURCE

  • Original cataloging agency: OSt
  • Transcribing agency: OSt

100 ## - HEADING--PERSONAL NAME

  • Personal name: Miguel, Benjamin

670 ## - SOURCE DATA FOUND

  • Source citation: Work cat.: (OSt)22819: Miguel, Benjamin, Pequines, Simbolo de Buda y escolta del emperador chino









Instituto Departamental de Cultura del Meta - Red Departamental de Bibliotecas Públicas del Meta.